00554cam a22002291 4500001001300000003000400013005001700017008004100034010001700075035002000092040001800112042001200130043001200142050001700154100002900171245002400200260001100224300001900235500001300254650004000267999001700307sa 63004840 DLC20260227111951.0890614s1961 pk 000 0 urdr  asa 63004840  a(OCoLC)19869253 aDLCcWaUdDLC apremarc aa-pk---00aPK2167b.I172 aIbadat Berelvī,d1920-10aJadīd shaʼirī. c[1961] a624 p.c22 cm. aIn Urdu. 0aUrdu poetryxHistory and criticism. c55869d55869